Southville International School and Colleges
Your cart is empty.
  • Cart
  • Lists
    Public lists Eva Luna New books Lux_list list_1
    Your lists Log in to create your own lists
  • Log in to your account
  • Your cookies
  • Search history
Southville International School and Colleges
  • Advanced search
  • Recent comments
  • Most popular
  • Libraries

Log in to your account

Log in with GOOGLE


If you do not have an external account, but do have a local account, you can still log in:

  1. Home
  2. MARC view: Drug therapy and obsessive-compulsive disorder /
Normal view MARC view ISBD view

Drug therapy and obsessive-compulsive disorder / (Record no. 9118)

[ view plain ]
MARC details
000 -LEADER
fixed length control field 01060cam a22003014a 4500
003 - CONTROL NUMBER IDENTIFIER
control field SISC
005 - DATE AND TIME OF LATEST TRANSACTION
control field 20160204100125.0
008 - FIXED-LENGTH DATA ELEMENTS--GENERAL INFORMATION
fixed length control field 030204s2004 paua c b 001 0 eng
020 ## - INTERNATIONAL STANDARD BOOK NUMBER
International Standard Book Number 1590845692 (lib. bdg.)
020 ## - INTERNATIONAL STANDARD BOOK NUMBER
International Standard Book Number 1590845595 (series)
040 ## - CATALOGING SOURCE
Original cataloging agency DLC
Transcribing agency DLC
Modifying agency DLC
042 ## - AUTHENTICATION CODE
Authentication code pcc
-- lcac
050 00 - LIBRARY OF CONGRESS CALL NUMBER
Classification number RC 533
Item number .B745 2004
082 00 - DEWEY DECIMAL CLASSIFICATION NUMBER
Classification number HS 616.85
Item number B76dt 2004
100 1# - MAIN ENTRY--PERSONAL NAME
Personal name Brinkerhoff, Shirley.
9 (RLIN) 11230
245 10 - TITLE STATEMENT
Title Drug therapy and obsessive-compulsive disorder /
Statement of responsibility, etc Shirley Brinkerhoff.
246 18 - VARYING FORM OF TITLE
Title proper/short title Obsessive-compulsive disorders
260 ## - PUBLICATION, DISTRIBUTION, ETC. (IMPRINT)
Place of publication, distribution, etc Philadelphia :
Name of publisher, distributor, etc Mason Crest Publishers,
Date of publication, distribution, etc c2004.
300 ## - PHYSICAL DESCRIPTION
Extent 124 p. :
Other physical details col. ill. ;
Dimensions 25 cm.
490 1# - SERIES STATEMENT
Series statement Psychiatric disorders : drugs and psychology for the mind and body
650 #0 - SUBJECT ADDED ENTRY--TOPICAL TERM
Topical term or geographic name as entry element Obsessive-compulsive disorder
Form subdivision Juvenile literature.
9 (RLIN) 12493
650 #0 - SUBJECT ADDED ENTRY--TOPICAL TERM
Topical term or geographic name as entry element Obsessive-compulsive disorder
General subdivision Chemotherapy
Form subdivision Juvenile literature.
9 (RLIN) 12494
650 #1 - SUBJECT ADDED ENTRY--TOPICAL TERM
Topical term or geographic name as entry element Obsessive-compulsive disorder.
9 (RLIN) 12495
830 #0 - SERIES ADDED ENTRY--UNIFORM TITLE
Uniform title Psychiatric disorders
9 (RLIN) 11164
942 ## - ADDED ENTRY ELEMENTS (KOHA)
Source of classification or shelving scheme Library of Congress Classification
Koha item type Books
Holdings
Withdrawn status Lost status Source of classification or shelving scheme Damaged status Home library Current library Shelving location Date acquired Total Checkouts Total Renewals Full call number Barcode Date last seen Date checked out Copy number Price effective from Koha item type
    Library of Congress Classification   Luxembourg Library Luxembourg Library High School Section 08/23/2013 2 2 RC 533 .B745 2004 17157 03/20/2015 03/10/2015 1 08/23/2013 Books
    Library of Congress Classification   Luxembourg Library Luxembourg Library High School Section 08/23/2013     RC 533 .B745 2004 17158 02/26/2015   2 08/23/2013 Books

Drug therapy and obsessive-compulsive disorder /

APA

Brinkerhoff S., . (2004). Drug therapy and obsessive-compulsive disorder. Philadelphia: Mason Crest Publishers.

Chicago

Brinkerhoff Shirley, . 2004. Drug therapy and obsessive-compulsive disorder. Philadelphia: Mason Crest Publishers.

Harvard

Brinkerhoff S., . (2004). Drug therapy and obsessive-compulsive disorder. Philadelphia: Mason Crest Publishers.

MLA

Brinkerhoff Shirley, . Drug therapy and obsessive-compulsive disorder. Philadelphia: Mason Crest Publishers. 2004.

  • Place hold
  • Print
  • Cite
  • Add to your cart (remove)
  • Save record
    BIBTEX Dublin Core MARCXML MARC (non-Unicode/MARC-8) MARC (Unicode/UTF-8) MARC (Unicode/UTF-8, Standard) MODS (XML) RIS
  • More searches
    Search for this title in:
    Other Libraries (WorldCat) Other Databases (Google Scholar) Online Stores (Bookfinder.com) Open Library (openlibrary.org)

Exporting to Dublin Core...

SOUTHVILLE LIBRARY

Southville International School and Colleges Library

1281 Tropical Ave. Cor. Luxembourg St., BF Homes International, Las Pinas City

Tel. No. 8256374 / 252358 Loc. 117/146

Powered by Koha